000 00476nam a2200193Ia 4500
005 20240823054306.0
008 240823s9999||||xx |||||||||||||| ||und||
020 _a978-1-8468-4144-6
041 _aENGLISH
082 _A417.7 P8
100 _aElizabeth Grace Winkler
245 0 _aUnderstanding Language
250 _a1st
260 _c2008
_b"Viva Books, Privated Li"
500 _aYES
650 _aUnderstanding Language
_bEnglish
942 _cBK
999 _c226120
_d226120